000
00306nam a2200133Ia 4500
008
191201s2006 xx 000 0 und d
100
_a
LEACH, Donald P
245
0
_a
Digital Principles and Application
250
_a
-
260
_c
2006
_b
TMH
_a
N.Delhi
300
_a
683
650
_a
ECE
942
_2
ddc
_c
BB
999
_c
7246
_d
7246